<?xml version="1.0" encoding="UTF-8"?>
<record
    xmlns:xsi="http://www.w3.org/2001/XMLSchema-instance"
    xsi:schemaLocation="http://www.loc.gov/MARC21/slim http://www.loc.gov/standards/marcxml/schema/MARC21slim.xsd"
    xmlns="http://www.loc.gov/MARC21/slim">

  <leader>04045nam a2200349 a 4500</leader>
  <controlfield tag="001">00150</controlfield>
  <controlfield tag="003">DO-SdBNP</controlfield>
  <controlfield tag="005">20160426130002.0</controlfield>
  <controlfield tag="007">00150</controlfield>
  <controlfield tag="008">160406b    dr   20uu||| |||| 00| 0 spa d</controlfield>
  <datafield tag="040" ind1=" " ind2=" ">
    <subfield code="a">BPMSU</subfield>
    <subfield code="b">spa</subfield>
    <subfield code="c">BPMSU</subfield>
  </datafield>
  <datafield tag="092" ind1=" " ind2=" ">
    <subfield code="a">373.7   </subfield>
    <subfield code="b">P349m    2do    [200-?]</subfield>
  </datafield>
  <datafield tag="100" ind1="1" ind2=" ">
    <subfield code="a">Pe&#xF1;a Geraldino, Rafael </subfield>
  </datafield>
  <datafield tag="245" ind1="1" ind2="0">
    <subfield code="a">Matem&#xE1;tica 2 :</subfield>
    <subfield code="b">educaci&#xF3;n media  /</subfield>
    <subfield code="c"> Rafael Pe&#xF1;a Geraldino ; coordinador Jos&#xE9; Molinaza </subfield>
  </datafield>
  <datafield tag="250" ind1=" " ind2=" ">
    <subfield code="a">3ed.</subfield>
  </datafield>
  <datafield tag="260" ind1=" " ind2=" ">
    <subfield code="a">Santo Domingo :</subfield>
    <subfield code="b">Secretar&#xED;a de Estado de Educaci&#xF3;n </subfield>
    <subfield code="c">[200-?]</subfield>
  </datafield>
  <datafield tag="300" ind1=" " ind2=" ">
    <subfield code="a">299 p.</subfield>
    <subfield code="b">retrs. ;</subfield>
    <subfield code="c">28 cm.</subfield>
  </datafield>
  <datafield tag="500" ind1=" " ind2=" ">
    <subfield code="a">Gesti&#xF3;n educativa 2004-2008</subfield>
  </datafield>
  <datafield tag="500" ind1=" " ind2=" ">
    <subfield code="a">Segundo grado,  primer ciclo</subfield>
  </datafield>
  <datafield tag="505" ind1=" " ind2=" ">
    <subfield code="t">Capitulo 1:</subfield>
    <subfield code="t">Inicio de la l&#xF3;gica - M&#xE9;todo deductivo de razonamiento - L&#xF3;gica matem&#xE1;tica - Proposiciones compuestas - Equivalencia de formas proporcionales - Clasificaci&#xF3;n de las proposiciones de acuerdo a su resultado - Fora aargumental y argumento - M&#xE9;todo de demostraci&#xF3;n - Cuantificadores - Negaci&#xF3;n de los cuantificadores</subfield>
    <subfield code="t">Cap&#xED;tulo 2:</subfield>
    <subfield code="t">Figuras geom&#xE9;tricas - L&#xED;nea recta-plano - Medidas de segmentos rectil&#xED;neos - Posiciones relativas de dos l&#xED;neas rectas - &#xC1;ngulos - Construcciones - Teorenas - pol&#xED;gonos </subfield>
    <subfield code="t">Cap&#xED;tulo 3:</subfield>
    <subfield code="t">Funciones - Conyunto producto o producto cartesiano - Funci&#xF3;n - Tipos de funciones - Funciones de primer grado o funci&#xF3;n lineal - Ecuaci&#xF3;n - Proporcionalidad  inversa y directa - Inecuaciones - Desigualdades - Intervalos en los n&#xFA;meros reales - Inecuaciones de primer grado en una variable - Inecuaciones lineales en dos variables - Anexo.</subfield>
    <subfield code="t">Cap&#xED;tulo 4 :</subfield>
    <subfield code="t">Triangulo - Clasificaci&#xF3;n de los triangulo - Puntos importantes de un triangulo - Proporcionalidad - Constant de proporcionalidad - Semejanza de tri&#xE1;ngulos rect&#xE1;ngulos - Semejanza de pol&#xED;gonos</subfield>
    <subfield code="t">Cap&#xED;tulo 5 :</subfield>
    <subfield code="t">Cuadril&#xE1;teros - Paralelogramo - Propiedades de los cuadril&#xE1;teros</subfield>
    <subfield code="t">Cap&#xED;tulo 6 :</subfield>
    <subfield code="t">Trigonometr&#xED;a - Teorema de Pit&#xE1;goras - Racionalizaci&#xF3;n - Funciones trigonom&#xE9;tricas de &#xE1;ngulos notables - Resoluci&#xF3;n de tri&#xE1;ngulos rect&#xE1;ngulos - &#xC1;ngulo de elevaci&#xF3;n y &#xE1;ngulo de depresi&#xF3;n - Sistema de medidas de los &#xE1;ngulos - Funciones trigonom&#xE9;tricas de cualquier &#xE1;ngulo, en el sistema de coordenadas cartesianas - Identidades trigonom&#xE9;tricas - Ley de los senos o teorema de los senos - Teorema del coseno o ley de los  cosenos - Determinaci&#xF3;n del &#xE1;rea de un tri&#xE1;ngulo</subfield>
    <subfield code="t">Cap&#xED;tulo 7 :</subfield>
    <subfield code="t">Transformaciones geom&#xE9;tricas - Simetr&#xED;a con respecto a una recta o eje simetrial axial - Reflexion - Simetr&#xED;a reflexiva en el plano cartesiano - Traslaci&#xF3;n - Rotaciones o giros</subfield>
    <subfield code="t">Cap&#xED;tulo 8 :</subfield>
    <subfield code="t">Estructuras alg&#xE9;bricas - Operaci&#xF3;n interna binaria para un conjunto dado - Estructuras alg&#xE9;bricas - Tabla de operaci&#xF3;n o tabla pitag&#xF3;rica o de doble entrada.</subfield>
    <subfield code="t">Cap&#xED;tulo 9:</subfield>
    <subfield code="t">Funci&#xF3;n  polin&#xF3;mica de segundo grado o funci&#xF3;n cuadr&#xE1;tica - Algunas consideraciones sobre gr&#xE1;fica de una funci&#xF3;n - Ecuaciones de segundo grado - Resoluci&#xF3;n de una ecuaci&#xF3;n de segundo grado por factorizaci&#xF3;n y f&#xF3;rmula general - Aplicaciones de la ecuaci&#xF3;n de segundo grado para la resoluci&#xF3;n de problemas - Resoluci&#xF3;n de una ecuaci&#xF3;n cuadr&#xE1;tica complementando un trinomio cuadrado perfecto - Resoluci&#xF3;n de ecuaciones incompletade segundo grado - Punto m&#xE1;ximo y m&#xED;nimo de una par&#xE1;bola y eje de simetr&#xED;a - Inecuaciones de segundo grado en una variable - Inecuaci&#xF3;n de segundo grado en dos variables</subfield>
    <subfield code="t">Cap&#xED;tulo 10 : </subfield>
    <subfield code="t">Estad&#xED;stica - Tabla de frecuencia de datos agrupados - Representaciones gr&#xE1;ficas - Medidas de tendencia central - Medidas de dispers&#xF3;n. </subfield>
  </datafield>
  <datafield tag="650" ind1=" " ind2="4">
    <subfield code="a">MATEM&#xC1;TICAS</subfield>
    <subfield code="x">ENSE&#xD1;ANZA B&#xC1;SICA</subfield>
  </datafield>
  <datafield tag="650" ind1=" " ind2="4">
    <subfield code="a">MATEM&#xC1;TICAS</subfield>
    <subfield code="x">EDUCACI&#xD3;N SECUNDARIA</subfield>
  </datafield>
  <datafield tag="650" ind1=" " ind2="4">
    <subfield code="a">MATEM&#xC1;TICAS</subfield>
    <subfield code="x">LIBROS DE TEXTOS</subfield>
  </datafield>
  <datafield tag="650" ind1=" " ind2="4">
    <subfield code="a">MATEM&#xC1;TICAS</subfield>
    <subfield code="x">ESTUDIOS Y EJERCICIOS</subfield>
  </datafield>
  <datafield tag="650" ind1=" " ind2="4">
    <subfield code="a">EDUCACI&#xD3;N SECUNDARIA</subfield>
    <subfield code="z">REP&#xDA;BLICA DOMINICANA</subfield>
  </datafield>
  <datafield tag="700" ind1="1" ind2=" ">
    <subfield code="a">Molinaza, Jos&#xE9;,</subfield>
    <subfield code="4">coord.</subfield>
  </datafield>
  <datafield tag="910" ind1=" " ind2=" ">
    <subfield code="a">Validado.Control de calidad MFF</subfield>
  </datafield>
  <datafield tag="942" ind1=" " ind2=" ">
    <subfield code="2">ddc</subfield>
    <subfield code="c">BK</subfield>
  </datafield>
  <datafield tag="952" ind1=" " ind2=" ">
    <subfield code="0">0</subfield>
    <subfield code="1">0</subfield>
    <subfield code="2">ddc</subfield>
    <subfield code="4">0</subfield>
    <subfield code="7">0</subfield>
    <subfield code="8">ESC</subfield>
    <subfield code="a">BPMET</subfield>
    <subfield code="b">BPMET</subfield>
    <subfield code="d">2016-04-06</subfield>
    <subfield code="e">Donaci&#xF3;n</subfield>
    <subfield code="l">0</subfield>
    <subfield code="o">373.7   P349m    2do.   [200-?]</subfield>
    <subfield code="p">BPMSU16040161</subfield>
    <subfield code="r">2016-04-06</subfield>
    <subfield code="w">2016-04-06</subfield>
    <subfield code="y">BK</subfield>
  </datafield>
  <datafield tag="956" ind1=" " ind2=" ">
    <subfield code="a">BTAVAREZ</subfield>
    <subfield code="b">10</subfield>
    <subfield code="c">20100809</subfield>
    <subfield code="l">BND01</subfield>
    <subfield code="h">1053</subfield>
  </datafield>
  <datafield tag="956" ind1=" " ind2=" ">
    <subfield code="a">VMATEO</subfield>
    <subfield code="b">10</subfield>
    <subfield code="c">20150707</subfield>
    <subfield code="l">BPMSU</subfield>
    <subfield code="h">00151</subfield>
  </datafield>
  <datafield tag="956" ind1=" " ind2=" ">
    <subfield code="a">BTAV&#xC1;REZ</subfield>
    <subfield code="b">10</subfield>
    <subfield code="c">20160406</subfield>
    <subfield code="l">00150</subfield>
  </datafield>
  <datafield tag="999" ind1=" " ind2=" ">
    <subfield code="c">9589</subfield>
    <subfield code="d">9589</subfield>
  </datafield>
</record>
